Real or Fake Country? - Statistics

General Stats
  • This quiz has been taken 784 times
  • The average score is 42 of 50
Answer Stats
Question Tile Select % Correct
the countries that exist today. Qing Dynasty No
96%
the countries that exist today. China Yes
95%
the countries that exist today. France Yes
95%
the countries that exist today. Mongol Empire No
95%
the countries that exist today. Roman Empire No
94%
the countries that exist today. East African Federation No
93%
the countries that exist today. Iraq Yes
93%
the countries that exist today. Mexico Yes
93%
the countries that exist today. Namib No
93%
the countries that exist today. Siam No
93%
the countries that exist today. Ukraine Yes
93%
the countries that exist today. Zaire No
93%
the countries that exist today. Austria-Hungary No
92%
the countries that exist today. South Ossetia No
92%
the countries that exist today. Israel Yes
91%
the countries that exist today. Uruguay Yes
91%
the countries that exist today. Kyrgyzstan Yes
89%
the countries that exist today. Taiwan Yes
89%
the countries that exist today. Vatican City Yes
89%
the countries that exist today. Yugoslavia No
89%
the countries that exist today. Myanmar Yes
88%
the countries that exist today. Bhutan Yes
86%
the countries that exist today. Ottoman Empire No
84%
the countries that exist today. Carthage No
83%
the countries that exist today. East Germany No
83%
the countries that exist today. Gran Colombia No
83%
the countries that exist today. Japan Yes
83%
the countries that exist today. Levant No
83%
the countries that exist today. Niger River No
83%
the countries that exist today. Pakistan Yes
83%
the countries that exist today. Crete No
82%
the countries that exist today. Northern Cyprus No
82%
the countries that exist today. Soviet Union No
82%
the countries that exist today. Vermont No
82%
the countries that exist today. Yemen Yes
81%
the countries that exist today. Panama Yes
80%
the countries that exist today. Rhodesia No
80%
the countries that exist today. Algiers No
79%
the countries that exist today. Laos Yes
79%
the countries that exist today. Mali Yes
77%
the countries that exist today. Hawaii No
75%
the countries that exist today. Trinidad and Tobago Yes
75%
the countries that exist today. Equatorial Guinea Yes
73%
the countries that exist today. Saint Vincent and the Apostles No
73%
the countries that exist today. Seychelles Yes
69%
the countries that exist today. Samoa Yes
68%
the countries that exist today. United States of Micronesia No
63%
the countries that exist today. Korea No
61%
the countries that exist today. French Guiana No
58%
the countries that exist today. Palestine No
47%
No matching quizzes found
Score Distribution
Percent of People with Each Score
Percentile by Number Answered
Your Score History
You have not taken this quiz